000 00465nam a22001457a 4500
008 141121b xxu||||| |||| 00| 0 eng d
020 _a9761462602641
050 _aBF637.M992 2014
100 _aMutizwa, Joe
_912792
245 _aThe arc of awareness
_b : broadening the gaze and widening the heart of leadership
_c / Joe Mutizwa
260 _aSouth Africa
_bPartridge
_c2014
300 _a223p. ;
_c24cm.
650 _aLeadership
_96573
942 _2lcc
_cMONOGRAPH
999 _c121299
_d121299